Statistics for Most Populous Countries With No NBA Players

Click here to take the quiz!

General Stats

  • This quiz has been taken 97 times
    (46 since last reset)
  • The average score is 11 of 15

Answer Stats

PopulationCountry% Correct
1,428,627,663India
100%
277,534,123Indonesia
93%
240,485,658Pakistan
88%
71,801,279Thailand
88%
98,858,950Vietnam
83%
172,954,319Bangladesh
80%
126,527,060Philippines
76%
45,504,560Iraq
73%
36,947,025Saudi Arabia
71%
42,239,854Afghanistan
61%
54,577,997Myanmar
61%
55,100,587Kenya
59%
126,527,060Ethiopia
54%
45,606,481Algeria
49%
48,582,334Uganda
49%

Score Distribution

Percentile by Number Answered

Percent of People with Each Score

Your Score History

You have not taken this quiz since the last reset